Statistics for NFL Teams' Biggest Victims

Click here to take the quiz!

General Stats

  • This quiz has been taken 38 times
  • The average score is 24 of 32

Answer Stats

TeamWinsVictim% Correct
Pittsburgh Steelers73Cleveland Browns
97%
Minnesota Vikings74Detroit Lions
97%
Chicago Bears99Detroit Lions
97%
Philadelphia Eagles84New York Giants
97%
Washington Redskins85Philadelphia Eagles
97%
Dallas Cowboys71Washington Redskins
97%
New England Patriots73Buffalo Bills
93%
Detroit Lions74Chicago Bears
93%
Kansas City Chiefs63Denver Broncos
93%
Oakland Raiders63Denver Broncos
93%
Green Bay Packers98Detroit Lions
93%
Buffalo Bills61New York Jets
93%
New York Giants100Washington Redskins
93%
Miami Dolphins60Buffalo Bills
90%
Cleveland Browns58Pittsburgh Steelers
90%
Denver Broncos65Los Angeles Chargers
86%
San Francisco 49ers68Los Angeles Rams
86%
Los Angeles Rams67San Francisco 49ers
83%
New York Jets55Buffalo Bills
79%
Cincinnati Bengals50Cleveland Browns
79%
Atlanta Falcons51New Orleans Saints
76%
New Orleans Saints48Atlanta Falcons
72%
Los Angeles Chargers55Kansas City Chiefs
62%
Jacksonville Jaguars20Tennessee Titans
59%
Baltimore Ravens30Cleveland Browns
55%
Houston Texans21Jacksonville Jaguars
55%
Carolina Panthers25New Orleans Saints
48%
Indianapolis Colts41New York Jets
28%
Tennessee Titans40Cincinnati Bengals
24%
Arizona Cardinals57Philadelphia Eagles
24%
Tampa Bay Buccaneers26Detroit Lions
21%
Seattle Seahawks26Los Angeles Chargers
17%

Score Distribution

Percentile by Number Answered

Percent of People with Each Score

Your Score History

You have not taken this quiz